| 000 | 01750nam a2200361 a 4500 | ||
|---|---|---|---|
| 005 | 20240412131540.0 | ||
| 008 | 100309t1987||||ag 0f0 S S1 S spa d | ||
| 020 | _a9502303628 | ||
| 041 | _aspa | ||
| 092 |
_c323.4 _l10 _sCAR |
||
| 100 | 1 |
_aCarrió, Genaro R. _93158 |
|
| 245 | 3 |
_aEl Sistema Americano de Derechos Humanos / _cGenaro R. Carrió |
|
| 250 | _a1a ed. | ||
| 260 |
_aBuenos Aires: _bEUDEBA; _c1987. |
||
| 300 | _a96 p. | ||
| 500 | _aCarrió, G. R. (1987). El sistema americano de Derechos Humanos. (1a ed.). Buenos Aires : EUDEBA. | ||
| 590 | _aDonación Dora Vera, febrero 2017 | ||
| 653 | _aDeclaracion americana de los derechos y deberes del hombre y la Carta de la OEA | ||
| 653 | _aAntecedenetes de la Comision Interamericana de Derechos Humanos | ||
| 653 | _aAmpliacion de las facultades y funciones de la Comision | ||
| 653 | _aComision y la Carta de la OEA | ||
| 653 | _aConvencion Americana de Derechos Humanos | ||
| 653 | _aOrganos de proteccion de los Derechos Humanos segun la convencion: Convencion Interamericana, Corte Interamericana | ||
| 653 | _aCoordinacion de las funciones de la Corte y la Comision | ||
| 653 | _aBreve reseña de los casos salientes de tutela internacional de los derechos humanos en el marco de la OEA | ||
| 653 | _aDocumento 1: Declaracion americana de los derechos y deberes del hombre | ||
| 653 | _aDocumento 2: Estatuto de la Comision Interamericana de derechos humanos | ||
| 653 | _aDocumento 3: Convension americana sobre derechos humanos | ||
| 653 | _aDeclaraciones y reservas | ||
| 653 | _aDocumento 4: Raul Ricardo Alfonsin, presidente de la Nacion Argentina | ||
| 653 | _aDocumento 5: Estatuto de la Corte Interamericana de derechos humanos | ||
| 942 |
_2ddc _cBK |
||
| 999 |
_c2364 _d2364 |
||